Регионална библиотека "Любен Каравелов" - Русе

Най-добрият приятел (Запис номер 488326)

MARC детайли
000 -Лидер
Контролно поле с фиксирана дължина 01252nam a2200325 a 4500
003 - Код на организацията, давaща контролен номер
Контролно поле BLK
005 - Дата и час на последна редакция
Контролно поле 20240603124530.0
008 - Елементи от данни с фиксирана дължина
fixed length control field 180410b bul|||||r ||||||| ||bul||
010 ## - Наследен системен номер
LC control number KNG00166800000
020 ## - Международен стандартен номер на книга ISBN
Международен стандартен номер на книга ISBN 9789543575381
040 ## - Източник на каталожния запис
Идентификатор на билиотеката - собственик на записа BLK
041 ## - Код за език
Код за езика на текст/звукозапис или на отделно заглавие Български
Код за езика КДБФ Български
072 #7 - Код за тематичната категория
Код организация bullib
Код за тематична категория Н85
Текст Детска художествена литература Н
080 ## - УДК
Текстов определител УДК Словашка литература
УДК код - определител по УДК 821.162.4
УДК определител -93-31
УДК - код + определител 821.162.4-93-31
100 ## - Редна дума - Автор
Автор Балко, Петер
Авторска отговорност първи автор
R(LIN) 1299
139 ## - Редно поле
Редна дума Балко, Петер
Авторски знак Балк - Б 23
245 10 - Сведения за заглавието
Заглавие Най-добрият приятел
Редно поле (дума) Петер Балко; прев. от словаш. Анжелина Пенчева.
257 ## - Страна на издаване
Страна на създаване/издаване България
260 ## - Област на издателските данни
Място на издаване, разпространение и проч. София
Име на издателя, разпространителя и проч. ЕМАС
Година на издаване 2022
300 ## - Физическа характеристика
Страници 207 с.
Размери/Мащаб 21 см
380 ## - Жанр
Жанр Детска худож. лит.
490 ## - СЕРИИ (Колекции)
Име на серия Поредица Европейски разказвачи на ХХ - ХХІ век
9 (RLIN) 207401
№: серия 58
500 ## - Общи забележки
Забележка Ориг. загл. Vtedy v losoncy / Peter Balko.
700 ## - Други автори (авторска отговорност)
Лично име Пенчева, Анжелина Христова
Автороска отговорност (Описва отношението между автора и произведението) прев. от словаш.
9 (RLIN) 1142
856 4# - Електронен адрес и достъп
Електронен формат pdf - файл
Инструкция (цена за достъп) 0.00
Права за достъп disable
856 4# - Електронен адрес и достъп
Електронен формат pdf - файл
Инструкция (цена за достъп) 0.00
Права за достъп disable
999 ## - СИСТЕМНИ КОНТРОЛНИ НОМЕРА
Koha biblionumber 488326
Koha biblioitemnumber 488326
942 ## - АРТИКУЛИ
Вид на библиотечния материал Книги
Скрит в OPAC Не
Koha issues (borrowed), all copies 12
Периодичен библиозапис Да
944 ## - СЪЗДАВАНЕ И РЕДАКЦИЯ на ЗАПИСА
Статус, дата на статуса Вася Ганчева
Служител, извършил регистрацията/редакцията 30549
999 ## - СИСТЕМНИ КОНТРОЛНИ НОМЕРА
Koha biblioitemnumber 488326
Наличности
Код за отписване Код за изгубен артикул Източник на класификационната схема Код за повреда Коз за рестрикции Код за отдаване Артикулен № Име на библиотеката - собственик Име на библиотеката, в която се намира в момента Статус (Текущо местоположение) Дата на вписване в системата Местоположение - отдел Цена в лева Систематично азбучна сигнатура Баркод Цена в евро Служебен тип на артикула
  Не е изгубен Universal Decimal Classification Не е повреден без рестрикции заемане за дома 922208 Регионална библиотека "Любен Каравелов" Русе Регионална библиотека "Любен Каравелов" Русе Детски отдел 2023-01-19 Детски отдел 10.50 821-93/Б 23 П 120000881773 5.37 Книги
Vip Innovations Ltd, Rousse, Bulgaria 2025